00559nam a2200133Ia 4500008004100000100002200041245010600063260004900169300001700218650001900235856007900254999001900333952007300352160712s9999 xx 000 0 und d aRecio, Redento B. cRedento B. RecioaEngaging the ‘Ungovernable’: Urban Informality Issues and Insights for Planning c2015bJournal in Urban and Regional Planning avol. 2 no. 1 xURBAN PLANNING uhttp://journals.upd.edu.ph/index.php/19May2014_surp/issue/view/490/showToc c297130d297130 001040aCLbCLd2016-07-12l0r2016-07-12 00:00:00w2016-07-12yFEJ